01234pab a2200181 454500008004000000100002100040245007600061260000900137300001600146362001100162520067500173650002300848650001500871773003400886909001000920999001700930952010500947180718b2002 xxu||||| |||| 00| 0 eng d aRoover, Jakob De aThe vacuity of secularism: on the Indian debate and its Western origins c2002 ap.4047-053. a28 Sep aThe rise of Hindutva has often been interpreted as a threat to the secular state. Similarly, the recent outbursts of Hindu-Muslim conflict are said to be related to the decay of secularism. The author argues that the concept of secularism is fundamentally obscure, since it is founded upon an arbitrary distinction between the religious and the secular. The belief that religion should be separated from politics is a normative dogma that precedes all theoretical analysis of the Indian situation. Therefore, this concept of secularism prevents us from understanding the problems of pluralism in contemporary India, instead of helping us to solve them. - Reproduced. aSecularism - India aSecularism aEconomic and Political Weekly a53983 c53983d53983 00104070aIIPAbIIPAd2018-07-19hVolume no: 37, Issue no: 39pAR54428r2018-07-19w2018-07-19yAR